Hector /
Hector je autentická kniha o priateľstve a odvahe, plná napínavých záchranných akcií v horách, po zemetrasení či výbuchu bytovky z pohľadu horského záchranára. Hlavnú úlohu však zohráva jeho štvornohý parťák Hector, ktorý mu bol v najťažších chvíľach oveľa viac, než len zvieracím pomocníkom. Dramati...
Uloženo v:
| Hlavní autor: | |
|---|---|
| Médium: | E-kniha |
| Jazyk: | Czech |
| Vydáno: |
Praha :
Albatros Media Slovakia s.r.o.,
2025
|
| Tagy: |
Žádné tagy |
| LEADER | 01475nam a22002297i 4500 | ||
|---|---|---|---|
| 001 | 302726 | ||
| 007 | ta | ||
| 008 | 260514s2025 xr ||||| |||| 00| 0 cze d | ||
| 020 | |a 9788056649305 | ||
| 044 | |a xr | ||
| 100 | 1 | |a Filipko, Jakub |4 aut | |
| 245 | 1 | 0 | |a Hector / |c Filipko, Jakub |
| 240 | 1 | 0 | |a Hector |
| 264 | 1 | |a Praha : |b Albatros Media Slovakia s.r.o., |c 2025 | |
| 300 | |a 1 online zdroj (416 stran) | ||
| 336 | |a text |b txt |2 rdacontent | ||
| 337 | |a bez média |b n |2 rdamedia | ||
| 338 | |a online zdroj |b cr |2 rdacarrier | ||
| 520 | 2 | |a Hector je autentická kniha o priateľstve a odvahe, plná napínavých záchranných akcií v horách, po zemetrasení či výbuchu bytovky z pohľadu horského záchranára. Hlavnú úlohu však zohráva jeho štvornohý parťák Hector, ktorý mu bol v najťažších chvíľach oveľa viac, než len zvieracím pomocníkom. Dramatické príbehy z pátraní pretkávajú historky z Hectorovho výcviku, ale aj obyčajné chvíle medzi človekom a psom. Kniha je tiež vzdaním pocty slovenskej prírode a jej krásam, no mnohokrát aj neľútostným nástrahám. | |
| 910 | |a RBIT002 | ||
| 998 | |d 426983 |a https://core.palmknihy.cz/api/books/426983/cover?tesgic |b https://core.palmknihy.cz/api/books/426983/cover/400?tesgic |c https://core.palmknihy.cz/api/books/426983/cover/50?tesgic |e 2037-12-31 |g 416 |i 9788056649305 |k https://core.palmknihy.cz/api/books/426983/preview.pdf |l |q 49 |r 1 |s https://www.palmknihy.cz/kniha/426983 |t ebook |y 2025 |z 1 | ||
| 999 | |d 302724 | ||